00765 2200301 4500001002100000005001500021035002000036007000300056008004100059040001600100100001000116245003500126250001100161300003000172020002200202041000800224082000800232084001400240090001900254260003200273600002300305850001000328990002500338990002500363990002500388990002500413990002500438INLIS00000000000181420260603031852 a0010-0120000257ta260603 1  aSBUPADbInd0 aAdjis1 aCerita si Lumba-Lumba /cAdjis aCet.11 a20 hlm. :bilus. ;c20 cm a978-979-077-177-20 aInd a590 a590 ADJ c a590 ADJ c T5-1 aDepok :bGema Insani,c2018 4aIlmu Tentang Hewan aPUPAD a32.119/APBD/DPK/2019 a32.120/APBD/DPK/2019 a32.121/APBD/DPK/2019 a32.122/APBD/DPK/2019 a32.119/APBD/DPK/2019